000 00423nam a2200157Ia 4500
008 230718s9999 xx 000 0 und d
041 _aeng
082 _a621.3824
_bBRO
100 _aBrookner E.
_9158087
245 _aPractical Phased Array Antenna Systems
260 _bArtech
300 _dRef 1067 E ME (29931)
365 _cRs.
_b9828.00
700 _aBrookner E.
_9158087
906 _dB:441605-May-2008
_cME ETC
_b20
999 _c318724
_d318724